Pokémon Starters and Evolutions - Statistics

General Stats
  • This quiz has been taken 17 times
  • The average score is 51 of 81
Answer Stats
Hint Answer % Correct
Grass/Poison Bulbasaur
100%
Fire Charmander
100%
Water Squirtle
100%
Water Blastoise
92%
Fire/Flying Charizard
92%
Fire Charmeleon
92%
Grass/Poison Ivysaur
92%
Fire Quilava
92%
Grass/Poison Venusaur
92%
Water Wartortle
92%
Fire Cyndaquil
85%
Grass Meganium
85%
Water Mudkip
85%
Fire Torchic
85%
Water Totodile
85%
Grass Chikorita
77%
Water Feraligatr
77%
Water/Dark Greninja
77%
Water Piplup
77%
Grass Sceptile
77%
Grass Treecko
77%
Fire Typhlosion
77%
Grass Bayleef
69%
Fire/Fighting Blaziken
69%
Fire Chimchar
69%
Fire/Fighting Combusken
69%
Fire/Psychic Delphox
69%
Fire/Fighting Emboar
69%
Water/Steel Empoleon
69%
Fire Fennekin
69%
Water Froakie
69%
Grass Grovyle
69%
Fire/Fighting Infernape
69%
Fire Litten
69%
Water/Ground Marshtomp
69%
Grass Snivy
69%
Water/Ground Swampert
69%
Fire Tepig
69%
Fire Torracat
69%
Grass Chespin
62%
Water Croconaw
62%
Grass/Ghost Decidueye
62%
Water Frogadier
62%
Fire/Fighting Monferno
62%
Water/Fairy Primarina
62%
Grass/Flying Rowlet
62%
Grass Serperior
62%
Grass/Ground Torterra
62%
Grass Turtwig
62%
Fire Braixen
54%
Grass/Fighting Chesnaught
54%
Water Dewott
54%
Grass Grotle
54%
Fire/Dark Incineroar
54%
Water Oshawott
54%
Fire/Fighting Pignite
54%
Water Popplio
54%
Water Prinplup
54%
Water Samurott
54%
Grass Servine
54%
Water Brionne
46%
Grass/Flying Dartrix
46%
Fire Fuecoco
46%
Grass Quilladin
46%
Fire Scorbunny
46%
Water Sobble
46%
Fire Cinderace
38%
Grass Grookey
38%
Water Inteleon
38%
Water Quaxly
38%
Fire Raboot
38%
Grass Sprigatito
38%
Fire Crocalor
31%
Grass Floragato
31%
Grass/Dark Meowscarada
31%
Water/Fighting Quaquaval
31%
Water Quaxwell
31%
Grass Rillaboom
31%
Fire/Ghost Skeledirge
31%
Grass Thwackey
31%
Water Drizzile
23%
No matching quizzes found
Score Distribution
Percent of People with Each Score
Percentile by Number Answered
Your Score History
You have not taken this quiz